| 000 | 00490nam a2200169Ia 4500 | ||
|---|---|---|---|
| 008 | 090201s9999 xx 000 0 und d | ||
| 010 | _aKPL-22147 | ||
| 040 | _bमराठी | ||
| 041 | _aमराठी | ||
| 082 |
_a13914 _b22147 |
||
| 100 | _aबाबा कदम | ||
| 245 |
_aबुमरँग [1] _cबाबा कदम |
||
| 260 |
_c2004 _bदुर्गा प्रकाशन |
||
| 300 |
_a376 _bमोठा |
||
| 600 | _aबुमरँग [1] | ||
| 942 | _cBOOK | ||
| 999 |
_c214096 _d214096 |
||